Statistics for Korean Football Clubs by Home Town Location

Click here to take the quiz!

General Stats

  • This quiz has been taken 7 times
  • The average score is 26 of 57

Answers on the Map

Answers color-coded by a green-red scale on the quiz's map according to % correct below.
 

Answer Stats

Answer% Correct
Busan TC 부산교통공사
100%
Daegu FC B 대구 FC B
100%
Daegu FC 대구 FC
100%
FC Seoul FC 서울
100%
Jeonbuk Hyundai Motores 전북 현대 모터스
83%
Jeonbuk Hyundai Motors B 전북 현대 모터스 B
83%
Suwon FC 수원 FC
83%
Suwon Samsung Bluewings 수원 삼성 블루윙즈
83%
Ulsan Hyundai 울산 현대
83%
Chungnam Asan 충남 아산
67%
FC Anyang FC 안양
67%
FC Mokpo FC 목포
67%
Gangwon FC B 강원 FC B
67%
Gangwon FC 강원 FC
67%
Gimpo FC 김포 FC
67%
Dangjin Citizen 당진시민
50%
FC Chungju FC 충주
50%
Geoje Citizen 거제시민
50%
Gimhae FC 김해시청 FC
50%
Gyeongnam FC 경남 FC
50%
Hwaseong FC 화성 FC
50%
Incheon United 인천 유나이티드
50%
Jeju United 제주 유나이티드
50%
Paju Citizen 파주시민
50%
Pocheon Citizen 포천시민
50%
Pohang Steelers 포항 스틸러스
50%
Pyeongchang United 평창 유나이티드
50%
Pyeongtaek Citizen 평택 시티즌
50%
Seongnam FC 성남 FC
50%
Seoul Nowon United 서울 노원 유나이티드
50%
Siheung Citizen 시흥시민
50%
Ulsan Citizen 울산시민
50%
Yangju Citizen 양주시민
50%
Yangpyeong FC 양평 FC
50%
Bucheon FC 1995 부천 FC 1995
33%
Busan IPark 부산 아이파크
33%
Busan I'Park Futures 부산 아이파크 선물
33%
Cheonan City 천안 시티
33%
Chungbuk Cheongju 충북 청주
33%
Daejeon Hana Citizen 대전 하나 시티즌
33%
Daejeon Hana Citizen B 대전 하나 시티즌 B
33%
Gimcheon Sangmu 김천 상무 축구단
33%
Jeonju Citizen 전주시민
33%
Jinju Citizen 진주시민
33%
Ansan Greeners 안산 그리너스
17%
Chuncheon Citizen 춘천시민
17%
Daejeon Korail 대전 한국철도
17%
Gangneung City 강릉시청
17%
Seoul E-Land FC 서울 이랜드 FC
17%
Yeoju FC 여주 FC
17%
Chanwong City 창원시청
0%
Goyang Happiness 고양 해피니스
0%
Gwanju FC 광주 FC
0%
Gyeongju KHNP 경주 한수원
0%
Jeonnam Dragings 전남 드래곤즈
0%
Sejong Vanesse 세종 바네스
0%
Seoul Jungnang 서울 중랑
0%

Score Distribution

Percentile by Number Answered

Percent of People with Each Score

Your Score History

You have not taken this quiz